| 000 | 00573nam a22001937a 4500 | ||
|---|---|---|---|
| 003 | CEME | ||
| 005 | 20210628205447.0 | ||
| 008 | 210316b xxu||||| |||| 00| 0 eng d | ||
| 020 | _a0-201-87744-9 | ||
| 040 | _c. | ||
| 082 | _a510.2462 CRO'E | ||
| 100 |
_aHargreaves, Martin Croft, Anthonydavison, Robert _975663 |
||
| 245 | _aEngineering mathematics a modern foundation for electronic electrical and systems engineers | ||
| 250 | _a2ND | ||
| 260 |
_aNEWYORK _bADDISON WESLEY _c1996 |
||
| 300 | _a844P | ||
| 650 |
_aENGINEERING MATHEMATICS _92310 |
||
| 942 |
_cBK _2ddc |
||
| 999 |
_c581056 _d581056 |
||